Using the Concept of Diversity in Personalization of the Internet on the Labour Market

Personalizácia internetu a koncept diverzity, ich prieniky a využívanie na orgánoch verejnej správy a súkromných subjektov na trhu práce. Prehľad súčasného stavu interakcií medzi konceptmi diverzity alebo jej dimenziami a personalizáciou internetu. Trendy v personalizácii internetu, ich kategorizáci...

Descrizione completa

Salvato in:
Dettagli Bibliografici
Autore principale: Kupec, Michal
Natura: Capitolo di libro
Lingua:inglese
Soggetti:
Tags: Aggiungi Tag
Nessun Tag, puoi essere il primo ad aggiungerne!!

MARC

LEADER 00000naa a2200000 4500
001 0267114
005 20250228130600.5
041 0 |a eng 
044 |a SK 
245 1 0 |a Using the Concept of Diversity in Personalization of the Internet on the Labour Market  |c Michal Kupec 
520 |a Personalizácia internetu a koncept diverzity, ich prieniky a využívanie na orgánoch verejnej správy a súkromných subjektov na trhu práce. Prehľad súčasného stavu interakcií medzi konceptmi diverzity alebo jej dimenziami a personalizáciou internetu. Trendy v personalizácii internetu, ich kategorizácia. Pohľad na techniky personalizácie internetu spolu s predstavením koncepcie vnímania dôležitosti faktorov, ako sú vek, pohlavie alebo etnicita pre personalizáciu internetu - prvok, ktorý sa má použiť na trhu práce. 
610 2 0 |a internet 
610 2 0 |a trh práce 
610 2 0 |a personalistika 
610 2 0 |a diverzita 
610 2 0 |a personalizácia 
100 1 |a Kupec, Michal